The use of elements of controlling in the management of the company in the conditions of crisis diplomová práca

Na minha lista:
Detalhes bibliográficos
Autor principal: Ivanova, Anastasiia
Autor Corporativo: Fakulta podnikového manažmentu EU. Katedra manažmentu
Outros Autores: Mišún, Juraj, 1978-
Formato: Livro
Idioma:inglês
Publicado em: Bratislava 2025
Tags: Adicionar Tag
Sem tags, seja o primeiro a adicionar uma tag!

MARC

LEADER 00000nbm a2200000 4500
001 0309942
005 20251217135321.7
041 0 |a eng 
044 |a SK 
245 1 0 |a The use of elements of controlling in the management of the company in the conditions of crisis  |b diplomová práca  |c Anastasiia Ivanova ; školiteľ: Juraj Mišún 
264 1 |a Bratislava  |c 2025 
300 |a 98 s. 
100 1 |a Ivanova, Anastasiia 
700 1 |a Mišún, Juraj, 1978- 
710 2 |a Fakulta podnikového manažmentu EU. Katedra manažmentu